Normal view
MARC view
Entry Topical Term
001 - CONTROL NUMBER
- control field: 26370
003 - CONTROL NUMBER IDENTIFIER
- control field: dpl
005 - DATE AND TIME OF LATEST TRANSACTION
- control field: 20110303103419.0
008 - FIXED-LENGTH DATA ELEMENTS
- fixed length control field: 110303|||a|||||| | ||| d
040 ## - CATALOGING SOURCE
- Original cataloging agency: dpl
- Transcribing agency: dpl
150 ## - HEADING--TOPICAL TERM
- Topical term or geographic name as entry element: Psychology
- General subdivision: Qualitative research
670 ## - SOURCE DATA FOUND
- Source citation: Work cat.: (dpl): Willig, Carla 26367 1964-, Introducing qualitative research in psychology :, 2010
670 ## - SOURCE DATA FOUND
- Source citation: Work cat.: (dpl): Willig, Carla 26367 1964-, Introducing qualitative research in psychology :, 2010
